000 00429nam a2200181Ia 4500
001 10457
005 20260306161833.0
008 260306t2012||||xx |||||||||||||| ||spa||
041 _aESP
082 _a929.92
_bG23
100 _aGarcía Fuente, Daniel,
_eAUT
245 0 _aLas banderas y su protocolo
260 _c2012
300 _a178 páginas :
_c24 cm.
650 _aGEN
654 _aCHU
942 _cLIB
_dJUS
_fJUS
_2ddc
_n
999 _c10457
_d10457